| 000 | 00483nam a2200109Ia 4500 | ||
|---|---|---|---|
| 008 | 171212s9999 xx 000 0 und d | ||
| 100 | _aLiu, Jodi L.;Lai, Deborah;Ringel, Jeanne S.;Vaiana, Mary E.;Wasserman, Jeffrey | ||
| 245 |
_cLiu, Jodi L.;Lai, Deborah;Ringel, Jeanne S.;Vaiana, Mary E.;Wasserman, Jeffrey _aSmall Ideas for Saving Big Health Care Dollars |
||
| 260 |
_bRAND Corporation _c2014 |
||
| 650 | _aHealth Sciences | ||
| 856 | _uhttp://www.jstor.org/stable/10.7249/j.ctt5vjx1b | ||
| 999 |
_c352542 _d352542 |
||